Most streamed songs : Cher - Statistics

General Stats
  • This quiz has been taken 45 times
    16 since last reset
  • The average score is 4 of 10
Answer Stats
Streams Song % Correct
868 500 000 Believe
100%
385 500 000 If I Could Turn Back Time
77%
191 000 000 The Shoop Shoop Song (It's In His Kiss)
69%
179 500 000 Strong Enough
46%
236 500 000 I Got You Babe (with Sonny)
38%
69 500 000 DJ Play A Christmas Song
23%
104 500 000 Walking In Memphis
23%
129 500 000 After All (with Peter Cetera)
8%
83 000 000 Fernando
8%
86 000 000 Super Trouper (with various artists)
8%
No matching quizzes found
Score Distribution
Percent of People with Each Score
Percentile by Number Answered
Your Score History
You have not taken this quiz since the last reset